000 00999nac a22003131i 4500
003 EG-ScBUE
005 20241027112433.0
008 241027t2008 onc f 001 0 eng d
020 _a9780495244493
020 _a0495244511
035 _a(OCoLC)ocn156808157
040 _aEG-ScBUE
_beng
_erda
_cEG-ScBUE
_dEG-ScBUE
082 0 4 _a518.02855
_bCHA
_222
100 1 _aChapman, Stephen J.,
_eauthor.
245 1 0 _aMATLAB programming for engineers /
_cStephan J. Chapman, BAE Systems Australia.
250 _aFourth edition.
250 _aInternational student edition.
264 1 _aToronto, Ontario :
_bThomson,
_c[2008]
264 4 _cc2008
300 _axx, 567 pages :
_billustrations ;
_c23 cm
336 _2rdacontent
_atext
_btxt
337 _aunmediated
_2rdamedia
_bn
338 _avolume
_bnc
_2rdacarrier
500 _aIncludes index.
500 _aIncludes appendix.
650 7 _aNumerical analysis
_xData processing.
_2BUEsh
655 _vReading book
942 _cBB
_2ddc
999 _c8848
_d8848